000
00245 a2200097 4500
001
7761
100
_a
Smith, C E
245
_a
Applied Mathematics for radio and communication engineers
260
_a
_b
Dover Publications
_c
090
_c
6217
_d
6217
942
_a
NUST-CAE
_c
M
_c
32731
999
_c
242834
_d
242834